Beyound continuity: Institutional change in advanced political economies. / (Record no. 3102)

MARC details
000 -LEADER
fixed length control field 01116nam a22001697a 4500
008 - FIXED-LENGTH DATA ELEMENTS--GENERAL INFORMATION
fixed length control field 140707b xxu||||| |||| 00| 0 eng d
020 ## - INTERNATIONAL STANDARD BOOK NUMBER
International Standard Book Number 9780199280469
050 ## - LIBRARY OF CONGRESS CALL NUMBER
Classification number HB99.5.B488
100 ## - MAIN ENTRY--PERSONAL NAME
Personal name edited by Streck, Wolfgang.
245 ## - TITLE STATEMENT
Title Beyound continuity: Institutional change in advanced political economies. /
Statement of responsibility, etc. Worlfgang Streeck.
260 ## - PUBLICATION, DISTRIBUTION, ETC.
Place of publication, distribution, etc. New York:
Name of publisher, distributor, etc. Oxford,
Date of publication, distribution, etc. 2005.
300 ## - PHYSICAL DESCRIPTION
Extent x,290p.:
Dimensions 24cm.
500 ## - GENERAL NOTE
General note Includes index.
505 ## - FORMATTED CONTENTS NOTE
Formatted contents note Contents: Introduction: Institutional change in advanced political economies -- Policy drift: The hidden politics of US welfare state retrenchment -- Changing dominant practice: Making use of institutional diversity in Hungary and united kingdom -- Redeploying the state: Liberalization and social policy in France -- Ambiguous agreement, cumulative change: French social policy in the 1990's -- Routine adjustment and bounded innovation: The changing political economy of Japan -- Change from within: German and Italian finance in the 1990's -- Institutional resettlement: The case of early retirement in Germany.
700 ## - ADDED ENTRY--PERSONAL NAME
Personal name Thelen, Kathleen.
942 ## - ADDED ENTRY ELEMENTS (KOHA)
Source of classification or shelving scheme Library of Congress Classification
Koha item type Books
Holdings
Withdrawn status Lost status Source of classification or shelving scheme Damaged status Not for loan Home library Current library Shelving location Date acquired Total Checkouts Full call number Barcode Date last seen Copy number Price effective from Koha item type
    Library of Congress Classification     WISCONSIN INTERNATIONAL UNIVERSITY COLLEGE, GHANA - MAIN LIBRARY WISCONSIN INTERNATIONAL UNIVERSITY COLLEGE, GHANA - MAIN LIBRARY Reference 07/07/2014   HB99.5.B488 7443/472/13 07/07/2014 1 07/07/2014 Books

If you have any concerns or questions; kindly contact the library


© Powered by WIUC ICT DIRECTORATE